| 000 | 00960nam a2200277 i 4500 | ||
|---|---|---|---|
| 001 | 25196 | ||
| 003 | BD-RjUL | ||
| 005 | 20211209050839.0 | ||
| 008 | 140316r19701952 kbj b 00100 eng d | ||
| 020 | _a0713151757 | ||
| 035 | _a(BD-RjUL)25265 | ||
| 035 | _a(BD-RjUL) | ||
| 040 |
_aBD-RjUL _beng _cBD-RjUL _dBD-RjUL |
||
| 041 | _aeng | ||
| 082 |
_a940.21 _219 _bGRR |
||
| 100 | 1 |
_aGreen, V. H. H. _q(Vivian Hubert Howard), _d1915- _977512 |
|
| 245 | 1 | 0 |
_aRenaissance and Reformation : _ba survey of European history between 1450 and 1660 / _cby V.H.H. Green. |
| 250 | _a2nd. ed. | ||
| 260 |
_aLondon : _bEdward Arnold, _c1964 [reprinted 1964,1965,1967,1969,1970]. |
||
| 300 |
_a463 p. : _bgenealogical tables. maps ; _c22 cm. |
||
| 504 | _aIncludes Bibliography: p. 440-448 and index. | ||
| 651 | 0 |
_aEurope _xHistory _y476-1492. _974533 |
|
| 651 | 0 |
_aEurope _xHistory _y1492-1648. _977513 |
|
| 651 | 0 |
_aEurope _xHistory _y1648-1789. _974921 |
|
| 942 |
_2ddc _cBK _014 |
||
| 999 |
_c25196 _d25196 |
||